GYNAECOLOGY BY TEN TEACHERS / (Record no. 794601)

MARC details
000 -LEADER
fixed length control field 00392pam a2200157 a 4500
020 ## - INTERNATIONAL STANDARD BOOK NUMBER
International Standard Book Number 0340760966
Terms of availability
041 ## - LANGUAGE CODE
Language code of original
082 ## - DEWEY DECIMAL CLASSIFICATION NUMBER
Classification number 618
Item number CAM
100 ## - MAIN ENTRY--PERSONAL NAME
Personal name CAMPBELL, S .
245 ## - TITLE STATEMENT
Title GYNAECOLOGY BY TEN TEACHERS /
Statement of responsibility, etc. NULL.
Medium Textual Documents
250 ## - EDITION STATEMENT
Edition statement 7 ED/
Remainder of edition statement .
260 ## - PUBLICATION, DISTRIBUTION, ETC.
Place of publication, distribution, etc. NULL :
Name of publisher, distributor, etc. ELST WITH ARNOLD ,
Date of publication, distribution, etc. 2000.
300 ## - PHYSICAL DESCRIPTION
Extent 280 : :
Other physical details VI ; ;
Dimensions A4.
650 ## - SUBJECT ADDED ENTRY--TOPICAL TERM
Topical term or geographic name entry element OBST.GYNE
930 ## - EQUIVALENCE OR CROSS-REFERENCE-UNIFORM TITLE HEADING [LOCAL, CANADA]
Uniform title 62
Holdings
Withdrawn status Lost status Damaged status Not for loan Collection Home library Current library Date acquired Source of acquisition Cost, normal purchase price Total Checkouts Full call number Barcode Date last seen Copy number Price effective from Koha item type Date due Date last checked out
          Medical College & Hospital, Sangli Medical College & Hospital, Sangli 28/05/2005 NATIONAL BOOK DEPOT. 524.12   618 CAM MCS-0341 26/07/2023 6 26/07/2023 Book    
          Medical College & Hospital, Sangli Medical College & Hospital, Sangli 28/05/2005 NATIONAL BOOK DEPOT. 524.12 1 618 CAM MCS-0340 10/11/2023 5 26/07/2023 Book 31/12/2050 10/11/2023
          Medical College & Hospital, Sangli Medical College & Hospital, Sangli 28/05/2005 NATIONAL BOOK DEPOT. 524.12 1 618 CAM MCS-0339 10/11/2023 4 26/07/2023 Book 31/12/2050 10/11/2023
          Medical College & Hospital, Sangli Medical College & Hospital, Sangli 28/05/2005 NATIONAL BOOK DEPOT. 524.12   618 CAM MCS-0338 26/07/2023 3 26/07/2023 Book    
          Medical College & Hospital, Sangli Medical College & Hospital, Sangli 28/05/2005 NATIONAL BOOK DEPOT. 524.12   618 CAM MCS-0337 26/07/2023 2 26/07/2023 Book    
          Medical College & Hospital, Sangli Medical College & Hospital, Sangli 28/05/2005 NATIONAL BOOK DEPOT. 524.12   618 CAM MCS-0336 26/07/2023 1 26/07/2023 Book